| 000 | 00761nam a22002177a 4500 | ||
|---|---|---|---|
| 003 | BD-DhUL | ||
| 005 | 20161026162648.0 | ||
| 008 | 160504s1976 ii a|||| b||| 000 0 ben d | ||
| 020 | _a8170664829 | ||
| 040 |
_aBD-DhUL _cBD-DhUL |
||
| 082 |
_a891.443 _bMAD |
||
| 100 | 1 | _aমজুমদার, সমরেশ | |
| 245 | 1 | 0 |
_aদৌড় / _cসমরেশ মজুমদার |
| 250 | _a১ম সং | ||
| 260 |
_aকলিকাতা : _bআনন্দ পারলিশার্স, _c১৯৭৬. |
||
| 300 |
_a৮৭ পৃ. ; _c২২ সে.মি. |
||
| 504 | _aগ্রন্থপঞ্জিগত তথ্য সংবলিত | ||
| 650 | _aবাংলা উপন্যাস | ||
| 650 | _aBengali novel | ||
| 942 |
_2ddc _cBK |
||
| 999 |
_c115642 _d115642 |
||